ឡានចូកដី / (Record no. 8099)
[ view plain ]
| 000 -LEADER | |
|---|---|
| fixed length control field | 01845nam a22002897a 4500 |
| 001 - CONTROL NUMBER | |
| control field | 8099 |
| 003 - CONTROL NUMBER IDENTIFIER | |
| control field | FISKH |
| 005 - DATE AND TIME OF LATEST TRANSACTION | |
| control field | 20250822163715.0 |
| 008 - FIXED-LENGTH DATA ELEMENTS--GENERAL INFORMATION | |
| fixed length control field | 250822b cb ||||| |||| 00| 0 eng d |
| 020 ## - INTERNATIONAL STANDARD BOOK NUMBER | |
| International Standard Book Number | 9789996336041 |
| 040 ## - CATALOGING SOURCE | |
| Original cataloging agency | FISKH |
| Language of cataloging | khr |
| Transcribing agency | FISKH |
| Modifying agency | FISKH |
| 050 ## - LIBRARY OF CONGRESS CALL NUMBER | |
| Classification number | PZ7 |
| 100 ## - MAIN ENTRY--PERSONAL NAME | |
| Personal name | Try, Sun |
| 245 ## - TITLE STATEMENT | |
| Title | ឡានចូកដី / |
| Statement of responsibility, etc. | អ្នកនិពន្ធ លោក ស៊ុន ទ្រី , វិចិត្រករ លោក គូ គុណធា |
| 260 ## - PUBLICATION, DISTRIBUTION, ETC. | |
| Place of publication, distribution, etc. | ភ្នំពេញ : |
| Name of publisher, distributor, etc. | រោងពុម្ព ធី អេស ភី អេច , |
| Date of publication, distribution, etc. | 2015 ,. |
| 300 ## - PHYSICAL DESCRIPTION | |
| Extent | 14 pages : |
| Other physical details | color illustrations ; |
| Dimensions | 25 cm . |
| 505 ## - FORMATTED CONTENTS NOTE | |
| Formatted contents note | K <br/> |
| 520 ## - SUMMARY, ETC. | |
| Summary, etc. | សុភីស្រម៉ៃចង់បើកឡានចូកដី ដូចប៉ារបស់នាងដែរ ។ នាងខំប្រឺងទាញចង្កឺះលេខ ជាន់ហ្វ្រាំង កាច់ចង្កូតឡាន ប៉ុន្តែមិនបានសម្រេចដូចបំណង ។ នាងអង្គុយតូចចិត្តតែម្នាក់ឯង ។ ក្រោយមកទើបនាងសម្រេចបំនងនាងបាន។ នាងបានប្តជ្ញាថា ពេលធំឡើង នាងនឺងបើកឡានចូកដីធំៗអោយដូចជាប៉ារបស់នាងដែរ ។ |
| 520 ## - SUMMARY, ETC. | |
| Summary, etc. | Sophy dreams of driving a backhoe like her father. She tries to pull the gears, brakes and turn the wheel, but fails . And yet her determination is rewarded with a surprise gift . |
| 521 8# - TARGET AUDIENCE NOTE | |
| Target audience note | 510 <br/> |
| Source | Lexile estimate <br/> |
| 521 8# - TARGET AUDIENCE NOTE | |
| Target audience note | K <br/> |
| Source | Raz-Plus <br/> |
| 650 ## - SUBJECT ADDED ENTRY--TOPICAL TERM | |
| Topical term or geographic name entry element | ឡានចូកដី |
| 650 ## - SUBJECT ADDED ENTRY--TOPICAL TERM | |
| Topical term or geographic name entry element | The bakhoe |
| 700 ## - ADDED ENTRY--PERSONAL NAME | |
| Personal name | Kunthea, Kou |
| Relator term | Illustrator |
| 942 ## - ADDED ENTRY ELEMENTS (KOHA) | |
| Source of classification or shelving scheme | Dewey Decimal Classification |
| Koha item type | Khmer Books |
| Suppress in OPAC | No |
| Withdrawn status | Lost status | Source of classification or shelving scheme | Damaged status | Not for loan | Collection | Home library | Current library | Shelving location | Date acquired | Total Checkouts | Full call number | Barcode | Date last seen | Copy number | Price effective from | Koha item type |
|---|---|---|---|---|---|---|---|---|---|---|---|---|---|---|---|---|
| Dewey Decimal Classification | Khmer Language Books / សៀវភៅភាសាខ្មែរ | Footprints International School Library Network Toul Tom Poung Campus | Footprints International School Library Network Toul Tom Poung Campus | TTP Primary Khmer Bookshelves | 08/22/2025 | TRY PZ7 | 2025-4227 | 08/22/2025 | 1 | 08/22/2025 | Khmer Books | |||||
| Dewey Decimal Classification | Khmer Language Books / សៀវភៅភាសាខ្មែរ | Footprints International School Library Network Toul Tom Poung Campus | Footprints International School Library Network Toul Tom Poung Campus | TTP Primary Khmer Bookshelves | 09/16/2025 | TRY PZ7 | FISTKKB069 | 09/16/2025 | 2 | 09/16/2025 | Khmer Books | |||||
| Dewey Decimal Classification | Khmer Language Books / សៀវភៅភាសាខ្មែរ | Footprints International School Library Network Toul Tom Poung Campus | Footprints International School Library Network Toul Tom Poung Campus | TTP Primary Khmer Bookshelves | 10/09/2025 | TRY PZ7 | FISBK04114 | 10/09/2025 | 3 | 10/09/2025 | Khmer Books | |||||
| Dewey Decimal Classification | Khmer Language Books / សៀវភៅភាសាខ្មែរ | Footprints International School Library Network Toul Tom Poung Campus | Footprints International School Library Network Toul Tom Poung Campus | TTP Primary Khmer Bookshelves | 10/24/2025 | TRY PZ7 | 2025-4740 | 10/24/2025 | 4 | 10/24/2025 | Khmer Books | |||||
| Dewey Decimal Classification | Khmer Language Books / សៀវភៅភាសាខ្មែរ | Footprints International School Library Network Toul Tom Poung Campus | Footprints International School Library Network Toul Tom Poung Campus | TTP Primary Khmer Bookshelves | 11/11/2025 | TRY PZ7 | FISBK04022 | 11/11/2025 | 5 | 11/11/2025 | Khmer Books |
